000 00842nam a2200205Ii 4500
003 JO-AjNU
008 230605s9999||||xx |||||||||||||| ||und||
040 _aJO-AjNU
_bara
_erda
_cJO-AjNU
041 _aara
050 1 4 _aBF176.5.S2798.1998
100 3 _aالسرطاوي، زيدان احمد ، الشخص، عبد العزيز السيد/إعداد,
_eauthor
_934990
245 0 0 _aبطارية قياس الضغوط النفسية وأساليب المواجهة والاحتياجات لأولياء امور المعوقين (دليل المقاييس)
250 _aط1
264 3 1 _aالعين:دار الكتاب الجامعي ، 1998
300 _a160ص
336 _atext
_btxt
_2rdacontent
337 _aunmediated
_bn
_2rdamedia
338 _avolume
_bnc
_2rdacarrier
650 4 _aالاختبارات النفسية
_934991
999 _aA14401
_c17969
_d17969